Prontuario de třminos, prc̀ticas y procedimientos ms̀ usados en el trabajo parlamentario...

Detalles Bibliográficos
Autor principal: Sandoval Ulloa, Jos ̌G
Formato: eBook
Lenguaje:español
Publicado: Ciudad de Mx̌ico: Cm̀ara de Diputados, 2014
Materias:
Acceso en línea:Acceso restringido

MARC

LEADER 00000nam a22000007a 4500
005 20171030185053.0
007 cr|||| ||||
008 171030s2014 mx |||||s|||| 00||0 spa d
020 |a 978-607-401-859-2 
035 |a 20758 
040 |a vLex 
090 |c 7168  |d 7168 
100 1 |a Sandoval Ulloa, Jos ̌G. 
245 1 0 |a Prontuario de třminos, prc̀ticas y procedimientos ms̀ usados en el trabajo parlamentario...  |h [Recurso electrn̤ico] /  |c Jos ̌G. Sandoval Ulloa  
256 |a Servicio en ln̕ea 
260 |a Ciudad de Mx̌ico:  |b Cm̀ara de Diputados,  |c 2014 
300 |a 1 recurso electrn̤ico (618p.) 
500 |a Prontuario de třminos, prc̀ticas y procedimientos ms̀ usados en el trabajo parlamentario de la Cm̀ara de Diputados del Congreso de la Unin̤. 
506 1 |a Disponible solo en los productos indicados  |d vLex Global  |d vLex Global (Academic Edition, excluding Law Schools)  |d vLex Global (U.S. Academic Edition, Law Schools)  |d vLex Global (U.S. Academic Edition, excluding Law Schools)  |d vLex Global (Academic Edition, Law Schools) 
650 0 4 |a Derecho constitucional  |z Mx̌ico 
740 0 |a vLex Libros (Servicio en ln̕ea) 
856 4 0 |u http://vlex.com/source/prontuario-terminos-practicas-procedimientos-usados-trabajo-parlamentario-20758  |z Acceso restringido 
942 |c BOOK 
999 0 |a Constitutional law